000 00644cam a2200193 4500500
005 20260405000333.0
041 _afre
042 _adc
100 1 0 _aWalzer, Michael
_eauthor
700 1 0 _aVieira, Suzi
_eauthor
245 0 0 _aMichael Walzer : « La droite est autoritaire et la gauche pacifiste. Aucune des deux n’est efficace »
260 _c2007.
500 _a93
690 _aDroite
690 _aGauche
690 _aPolitique
786 0 _nPhilosophie magazine | 6 | 2 | 2007-02-01 | p. 10-10 | 1951-1787
856 4 1 _uhttps://shs.cairn.info/magazine-philosophie-magazine-2007-2-page-10?lang=fr&redirect-ssocas=7080
999 _c2036091
_d2036091